000 00550nam a2200217Ia 4500
003 OSt
005 20221007071645.0
006 a|||||r|||| 00| 0
007 ta
008 221006b |||||||| |||| 00| 0 eng d
024 _a25,909
037 _cTextual
040 _aFLL
_cFLL
_beng
041 _2eng
_aeng
082 _aZ3, M2
245 0 _aJustice and the law in Britain
260 _aLondon
_bForeign and Commonwealth Office London
_c1982
300 _a1-31p
_ccm.
942 _hZ3, M2
_cTEXL
_2CC
999 _c1143901
_d1143901